| 000 | 01068nam a2200313 i 4500 | ||
|---|---|---|---|
| 001 | 000021111 | ||
| 003 | DO-SdBNP | ||
| 005 | 20260321073640.0 | ||
| 006 | a||||gr|||| 00| 0 | ||
| 007 | ta | ||
| 008 | 100831s1992 dr 000 0 spa d | ||
| 040 |
_aDO-SdBNP _bspa _cBNPHU _erda |
||
| 082 | 4 |
_a972.9301 _bB742i, 1992 _222 |
|
| 100 | 1 |
_a Bosch, Juan, _d1909-2001 _976555 |
|
| 245 | 1 | 0 |
_aIndios : _bapuntes históricos y leyendas / _cBosch Juan ; introducción José Juan Arrom. |
| 250 | _a3a. edición | ||
| 264 |
_aSanto Domingo : _bAlfa & Omega, _c1992. |
||
| 300 |
_a75 páginas ; _c21 cm. |
||
| 336 |
_2rdacontent _atexto _btxt |
||
| 337 |
_2rdamedia _asin mediación _bn |
||
| 338 |
_2rdacarrier _avolumen _bnc |
||
| 590 | _aInventariado, 2023 /MF | ||
| 650 | 4 |
_aIndígenas de las Antillas _zRepública Dominicana _91048 |
|
| 650 | 4 |
_aIndígenas de las Antillas _zHaití _944143 |
|
| 650 | 4 |
_aIndígenas de las Antillas _vFolclor _91051 |
|
| 700 | 1 |
_aArrom, José Juan, _eintroducción _938701 |
|
| 910 | _aValidado. Control de calidad MFF | ||
| 942 |
_2ddc _cLBS1 |
||
| 999 |
_c20613 _d20613 |
||